Genitori g.a.y. : good as you /

محفوظ في:
التفاصيل البيبلوغرافية
المؤلف الرئيسي: Kay, Sara, (1989- ) (مؤلف)
مؤلفون آخرون: Baiocco, Roberto, (1973- ), Vecchioni, Francesca
التنسيق: كتاب
اللغة:الإيطالية
منشور في: Roma : Tempesta, 2014
سلاسل:Tempesta laica
الوسوم: إضافة وسم
لا توجد وسوم, كن أول من يضع وسما على هذه التسجيلة!

MARC

LEADER 00000nam a22000007i 4500
001 IT\ICCU\UBO\4119960
003 ItRI
005 20260508115236.0
008 150121s2014 it |||||| ||||| |||||c
020 |a 9788897309550 
040 |b ita  |c importazione bologna sebina 
041 7 |a ita  |2 ISO-639-2 
100 1 |a Kay, Sara,  |d  (1989- )  |0 IT\ICCU\UBOV\414545  |4 aut 
245 1 0 |a Genitori g.a.y. :  |b good as you /  |c Sara Kay ; prefazioni di Roberto Baiocco e Francesca Vecchioni. 
260 |a Roma :  |b Tempesta,  |c 2014 
300 |a 172 p. ;  |c 21 cm 
700 1 |a Baiocco, Roberto,  |d  (1973- )  |0 IT\ICCU\LO1V\272559 
700 1 |a Vecchioni, Francesca  |0 IT\ICCU\UBOV\414546 
830 0 |a Tempesta laica  |0 IT\ICCU\CFI\0800595 
942 |2 ddc  |c BK  |n 0 
952 |0 0  |1 0  |4 0  |6 DOC_306_874000000000000_KAY  |7 0  |9 21632  |a BO  |b BO  |d 2026-01-15  |i 17739  |l 0  |o DOC 306.874 KAY  |p BO17739  |r 2026-01-15 23:22:04  |w 2026-01-15  |x [Sebina 5] [1 v.]  |y BK  |z 1 v. 
952 |0 0  |1 0  |2 ddc  |4 0  |6 306_000000000000000_KAY_GEN  |7 0  |9 33411  |a MI  |b MI  |d 2026-05-02  |l 0  |o 306 KAY GEN  |p 11911  |r 2026-05-02 15:41:34  |w 2026-05-02  |y BK 
999 |c 18476  |d 18476